[Event "CaroKannisons!"]
[Site "SchemingMind.com"]
[Date "2006.01.20"]
[Round "-"]
[White "agarr"]
[Black "janeck"]
[Result "0-1"]
[WhiteCountry "RUS"]
[BlackCountry "FRA"]
[WhiteElo "1688"]
[WhiteRD "68"]
[BlackElo "1608"]
[BlackRD "87"]
[GameID "36779"]

1. e4 c6 2. d4 d5 3. e5 Bf5 4. Bd3 Bxd3 5. Qxd3 e6 6. Nf3 Nd7 7. O-O c5 8. c3 cxd4 9. cxd4 Ne7 10. Nc3 Nf5
11. Be3 Nxe3 12. fxe3 Be7 13. e4 dxe4 14. Qxe4 Qb6 15. b3 O-O 16. Kh1 Rac8 17. Na4 Qb4 18. Nb2 Rfd8 19. Nc4 b5 20. Ne3 Nc5
21. Qg4 Nd3 22. Qh5 g6 23. Qh6 Bf8 24. Qh3 Nf4 25. Qh4 Nh5 26. g4 Ng7 27. Ng5 h5 28. d5 Qd4 29. dxe6 Qxe3 30. exf7+ Kh8
31. Rae1 Qc3 32. e6 Qc6+ 33. Rf3 Rd3 34. Qh3 Rxf3 35. Nxf3 Nxe6 36. Qg3 Ng5 37. Qe5+ Kh7 38. Qxg5 Qxf3+ 39. Kg1 Bc5+
0-1

[Event "CaroKannisons!"]
[Site "SchemingMind.com"]
[Date "2006.01.27"]
[Round "-"]
[White "Gary"]
[Black "janeck"]
[Result "0-1"]
[WhiteCountry "ENG"]
[BlackCountry "FRA"]
[WhiteElo "1498"]
[WhiteRD "55"]
[BlackElo "1608"]
[BlackRD "87"]
[GameID "37505"]

1. e4 c6 2. d4 d5 3. Nc3 dxe4 4. Nxe4 Bf5 5. Ng3 Bg6 6. Nf3 Nd7 7. Bd3 Bxd3 8. Qxd3 Ngf6 9. c4 e6 10. Bf4 Bb4+
11. Nd2 O-O 12. O-O c5 13. a3 Bxd2 14. Qxd2 cxd4 15. Qxd4 Nb6 16. Qxd8 Rfxd8 17. Bc7 Rd2 18. Bxb6 axb6 19. Rab1 Rc2 20. Rfc1 Rxc1+
21. Rxc1 Rd8 22. Kf1 Rd2 23. Rb1 Rc2
0-1

[Event "CaroKannisons!"]
[Site "SchemingMind.com"]
[Date "2006.01.27"]
[Round "-"]
[White "Gary"]
[Black "agarr"]
[Result "0-1"]
[WhiteCountry "ENG"]
[BlackCountry "RUS"]
[WhiteElo "1523"]
[WhiteRD "64"]
[BlackElo "1685"]
[BlackRD "68"]
[GameID "37506"]

1. e4 c6 2. d4 d5 3. Nc3 dxe4 4. Nxe4 Bf5 5. Ng3 Bg6 6. Nf3 e6 7. Bd3 Nf6 8. O-O Bd6 9. Re1 Nbd7 10. c3 Qc7
11. a4 Bxd3 12. Qxd3 O-O-O 13. b4 h5 14. h3 Bxg3 15. fxg3 Qxg3 16. Ne5 Qxe1+
0-1

[Event "CaroKannisons!"]
[Site "SchemingMind.com"]
[Date "2006.01.28"]
[Round "-"]
[White "janeck"]
[Black "Gary"]
[Result "1-0"]
[WhiteCountry "FRA"]
[BlackCountry "ENG"]
[WhiteElo "1608"]
[WhiteRD "87"]
[BlackElo "1498"]
[BlackRD "55"]
[GameID "37507"]

1. e4 c6 2. d4 d5 3. e5 Bf5 4. Nf3 e6 5. Bd3 Ne7 6. Bg5 Nd7 7. Bxf5 exf5 8. O-O h6 9. Bd2 Qb6 10. b3 g5
11. c3 Bg7 12. Re1 O-O 13. h4 g4 14. Nh2 h5 15. Bg5 Ng6 16. Nd2 Rae8 17. f4 f6 18. exf6 Bxf6 19. Bxf6 Nxf6 20. g3 c5
21. Rxe8 Rxe8 22. Qc2 Ne4 23. Nxe4 Rxe4 24. Nf1
1-0

[Event "CaroKannisons!"]
[Site "SchemingMind.com"]
[Date "2006.01.30"]
[Round "-"]
[White "agarr"]
[Black "Gary"]
[Result "1-0"]
[WhiteCountry "RUS"]
[BlackCountry "ENG"]
[WhiteElo "1688"]
[WhiteRD "68"]
[BlackElo "1498"]
[BlackRD "55"]
[GameID "37508"]

1. e4 c6 2. d4 d5 3. e5 Bf5 4. Bd3 Bxd3 5. Qxd3 e6 6. Nf3 Nd7 7. Be3 Bb4+ 8. c3 Ba5 9. O-O Ne7 10. Bg5 O-O
11. b4 Bb6 12. a4 a5 13. b5 c5 14. h3 h6 15. Bh4 f6 16. exf6 Nxf6 17. Ne5 cxd4 18. cxd4 Nf5 19. Ng6 Re8 20. Nd2 Bxd4
21. Rac1 Nxh4 22. Nxh4 Bb6 23. Ndf3 e5 24. Qg6 Kh8 25. Nf5 Qd7 26. Nxh6
1-0

[Event "CaroKannisons!"]
[Site "SchemingMind.com"]
[Date "2006.02.01"]
[Round "-"]
[White "asanopiyo"]
[Black "Gary"]
[Result "1-0"]
[WhiteCountry "JPN"]
[BlackCountry "ENG"]
[WhiteElo "1628"]
[WhiteRD "111"]
[BlackElo "1498"]
[BlackRD "55"]
[GameID "37961"]

1. e4 c6 2. d4 d5 3. exd5 cxd5 4. Nf3 Bf5 5. Nc3 Nf6 6. Bg5 e6 7. Bb5+ Nc6 8. Ne5 Qc7 9. Bxf6 gxf6 10. Nd3 O-O-O
11. a3 Nxd4 12. Ba4 Rg8 13. Rg1 a6 14. f4 Bxd3 15. Qxd3 Qxf4 16. Rf1 Qe5+ 17. Kf2 Bc5 18. Rfe1 Nxc2+ 19. Kf1 Qf4+ 20. Qf3 Qxf3+
21. gxf3
1-0

[Event "CaroKannisons!"]
[Site "SchemingMind.com"]
[Date "2006.02.01"]
[Round "-"]
[White "asanopiyo"]
[Black "janeck"]
[Result "1-0"]
[WhiteCountry "JPN"]
[BlackCountry "FRA"]
[WhiteElo "1642"]
[WhiteRD "137"]
[BlackElo "1516"]
[BlackRD "98"]
[GameID "37962"]

1. e4 c6 2. d4 d5 3. exd5 cxd5 4. Nf3 Nc6 5. c4 Nf6 6. Nc3 Bg4 7. Be3 e6 8. h3 Bh5 9. Qb3 Bxf3 10. gxf3 b6
11. cxd5 exd5 12. Bb5 Rc8 13. Rc1 Be7 14. Ne2 O-O 15. Rxc6 Rxc6 16. Bxc6
1-0

[Event "CaroKannisons!"]
[Site "SchemingMind.com"]
[Date "2006.02.01"]
[Round "-"]
[White "asanopiyo"]
[Black "agarr"]
[Result "1/2-1/2"]
[WhiteCountry "JPN"]
[BlackCountry "RUS"]
[WhiteElo "1642"]
[WhiteRD "137"]
[BlackElo "1685"]
[BlackRD "68"]
[GameID "37963"]

1. e4 c6 2. d4 d5 3. exd5 cxd5 4. Nf3 Bf5 5. Nc3 e6 6. Bb5+ Nc6 7. Ne5 Ne7 8. g4 Bg6 9. h4 h6 10. h5 Bh7
11. Qf3 f6 12. Nd3 a6 13. Bxc6+ Nxc6 14. Qe3 Qd7 15. f4 O-O-O 16. Na4 Bb4+ 17. c3 Ba5 18. b4 Bc7 19. Ndc5 Qf7 20. Qxe6+ Qxe6+
21. Nxe6 Rde8 22. f5 Nd8 23. Nc5 Bg8 24. Kf2 Nxe6 25. fxe6 Bxe6 26. Nxe6 Rxe6 27. Bd2 Re4 28. Rhg1 Rhe8 29. Rae1 Bf4 30. Rxe4 Rxe4
31. Bxf4 Rxf4+ 32. Kg3 Re4 33. Kf3 b5 34. a4 bxa4 35. Ra1 Kb7 36. Rxa4 f5 37. gxf5 Rh4 38. Ra5 Rxh5 39. Kg4 Rg5+ 40. Kf4 Rg1
41. Rxd5 Kc6 42. c4 Rc1 43. Rc5+ Kd6 44. d5 Kd7 45. Rc6 Rf1+ 46. Kg4 Rg1+ 47. Kh5 Rg5+ 48. Kh4 Rxf5 49. Rxa6 Rf4+= 50. Kh5 Rxc4=
1/2-1/2

[Event "CaroKannisons!"]
[Site "SchemingMind.com"]
[Date "2006.02.01"]
[Round "-"]
[White "Gary"]
[Black "asanopiyo"]
[Result "0-1"]
[WhiteCountry "ENG"]
[BlackCountry "JPN"]
[WhiteElo "1498"]
[WhiteRD "55"]
[BlackElo "1628"]
[BlackRD "111"]
[GameID "37964"]

1. e4 c6 2. d4 d5 3. Nc3 dxe4 4. Nxe4 Bf5 5. Ng3 Bg6 6. Nf3 e6 7. Bd3 Nd7 8. O-O Bd6 9. c3 h6 10. Ne4 Bc7
11. Qb3 Nb6 12. c4 Bh5 13. c5 Bxf3 14. cxb6 Bxh2+ 15. Kxh2 Qh4+ 16. Kg1 Bxe4 17. Bxe4 Qxe4 18. bxa7 Rxa7 19. f3 Qd5
0-1

[Event "CaroKannisons!"]
[Site "SchemingMind.com"]
[Date "2006.02.04"]
[Round "-"]
[White "janeck"]
[Black "asanopiyo"]
[Result "1-0"]
[WhiteCountry "FRA"]
[BlackCountry "JPN"]
[WhiteElo "1608"]
[WhiteRD "87"]
[BlackElo "1628"]
[BlackRD "111"]
[GameID "37965"]

1. e4 c6 2. d4 d5 3. e5 Bf5 4. Bd3 e6 5. Bxf5 exf5 6. Nf3 Nd7 7. O-O h6 8. Qd3 g6 9. Nc3 Qb6 10. Re1 Ne7
11. Na4 Qc7 12. c4 g5 13. cxd5 Nxd5 14. e6 N7f6 15. Qxf5 Bd6 16. Ne5 fxe6 17. Qxe6+ Qe7 18. Qh3 g4 19. Qb3 O-O-O 20. Bd2 Qg7
21. Rac1 Bxe5 22. dxe5 Nd7 23. Qxd5 Nb8 24. Qe6+ Kc7 25. Bf4 b5 26. Nc3 Kb7 27. a4 Rhf8 28. Bg3 Rfe8 29. Qb3 a6 30. axb5 axb5
31. Nxb5 Kc8 32. Nd6+ Kd7 33. Nxe8 Kxe8 34. Bh4
1-0

[Event "CaroKannisons!"]
[Site "SchemingMind.com"]
[Date "2006.02.01"]
[Round "-"]
[White "agarr"]
[Black "asanopiyo"]
[Result "1-0"]
[WhiteCountry "RUS"]
[BlackCountry "JPN"]
[WhiteElo "1685"]
[WhiteRD "68"]
[BlackElo "1642"]
[BlackRD "137"]
[GameID "37966"]

1. e4 c6 2. d4 d5 3. e5 Bf5 4. Bd3 Qd7 5. Bxf5 Qxf5 6. Nf3 e6 7. O-O Be7 8. b3 Nd7 9. c4 g5 10. h3 h5
11. Nh2 g4 12. hxg4 hxg4 13. Qxg4 Rxh2 14. Qxf5 Rxg2+ 15. Kxg2 exf5 16. cxd5 cxd5 17. Nc3 Nb6 18. a4 O-O-O 19. a5 Na8 20. Ba3 Bg5
21. Nb5 Nc7 22. Nd6+ Kd7 23. Nxf7 Bd2 24. Nd6 Nh6 25. Nxb7 Rb8 26. Nc5+ Kc6 27. Bc1
1-0

[Event "CaroKannisons!"]
[Site "SchemingMind.com"]
[Date "2006.02.09"]
[Round "-"]
[White "wom_bat"]
[Black "Gary"]
[Result "1-0"]
[WhiteCountry "GER"]
[BlackCountry "ENG"]
[WhiteElo "1700"]
[WhiteRD "97"]
[BlackElo "1453"]
[BlackRD "58"]
[GameID "38544"]

1. e4 c6 2. d4 d5 3. Nc3 dxe4 4. Nxe4 Bf5 5. Ng3 Bg6 6. Bc4 Nf6 7. Nf3 e6 8. O-O Bd6 9. Nh4 O-O 10. Nxg6 hxg6
11. Bg5 b5 12. Be2 Nbd7 13. Re1 Qc7 14. Qc1 Nh7 15. Bd2 a5 16. c4 b4 17. Bf3 Rac8 18. c5 Be7 19. a3 b3 20. Qc4 Rb8
21. Qa6 Qb7 22. Qxc6
1-0

[Event "CaroKannisons!"]
[Site "SchemingMind.com"]
[Date "2006.02.09"]
[Round "-"]
[White "wom_bat"]
[Black "janeck"]
[Result "1-0"]
[WhiteCountry "GER"]
[BlackCountry "FRA"]
[WhiteElo "1636"]
[WhiteRD "113"]
[BlackElo "1608"]
[BlackRD "87"]
[GameID "38545"]

1. e4 c6 2. d4 d5 3. Nd2 dxe4 4. Nxe4 Bf5 5. Ng3 Bg6 6. Nf3 Nd7 7. h4 h6 8. h5 Bh7 9. Bd3 Bxd3 10. Qxd3 Ngf6
11. Bd2 e6 12. O-O-O b5 13. Qe2 Be7 14. Ne5 Nxe5 15. dxe5 Nd5 16. Qg4 Bg5 17. f4 Nxf4 18. Bxf4 Bxf4+ 19. Qxf4 Qa5 20. Ne4 Qxa2
21. Nd6+ Kd8 22. Qxf7 Qa1+ 23. Kd2 Qa5+ 24. Ke2 Qa6 25. Ne8+
1-0

[Event "CaroKannisons!"]
[Site "SchemingMind.com"]
[Date "2006.02.09"]
[Round "-"]
[White "wom_bat"]
[Black "agarr"]
[Result "1-0"]
[WhiteCountry "GER"]
[BlackCountry "RUS"]
[WhiteElo "1700"]
[WhiteRD "97"]
[BlackElo "1681"]
[BlackRD "67"]
[GameID "38546"]

1. e4 c6 2. d4 d5 3. exd5 cxd5 4. Nf3 Bg4 5. Nc3 e6 6. Be2 Bb4 7. O-O Bxc3 8. bxc3 Ne7 9. Ba3 Bxf3 10. Bxf3 O-O
11. Rb1 Qc7 12. Qd3 Re8 13. Qb5 Nbc6 14. Qxb7 Qa5 15. Qb2 Rab8 16. Bb4 Qb6 17. Be2 Nxb4 18. cxb4 Nc6 19. b5 Nxd4 20. Bd3 Rb7
21. c3 Nf5 22. Bxf5 exf5 23. a4 Reb8 24. Rfe1 a6 25. Re5 Qc5 26. Qb4 Qc4 27. Qxc4 dxc4 28. Rxf5 Rd7 29. Rc5 f6 30. Kf1 axb5
31. axb5 Rdb7 32. Ke2 Re8+ 33. Kf3 Reb8 34. Rb2 Kf7 35. Ke4 Rd7 36. Rd5 Re7+ 37. Kd4
1-0

[Event "CaroKannisons!"]
[Site "SchemingMind.com"]
[Date "2006.02.09"]
[Round "-"]
[White "Gary"]
[Black "wom_bat"]
[Result "0-1"]
[WhiteCountry "ENG"]
[BlackCountry "GER"]
[WhiteElo "1453"]
[WhiteRD "58"]
[BlackElo "1700"]
[BlackRD "97"]
[GameID "38548"]

1. e4 c6 2. d4 d5 3. Nc3 dxe4 4. Nxe4 Bf5 5. Ng3 Bg6 6. Nf3 Nf6 7. Bd3 e6 8. O-O Bd6 9. c3 Nbd7 10. Re1 O-O
11. Bg5 Qb6 12. b3 c5 13. Be3 Bxd3 14. Qxd3 Qc7 15. Rac1 Rac8 16. Red1 Nd5 17. Bd2 c4 18. Qc2 h6 19. Ne4 e5 20. dxe5 Nxe5
21. Nxe5 Bxe5 22. b4 Bxh2+
0-1

[Event "CaroKannisons!"]
[Site "SchemingMind.com"]
[Date "2006.02.08"]
[Round "-"]
[White "janeck"]
[Black "wom_bat"]
[Result "0-1"]
[WhiteCountry "FRA"]
[BlackCountry "GER"]
[WhiteElo "1584"]
[WhiteRD "86"]
[BlackElo "1700"]
[BlackRD "97"]
[GameID "38549"]

1. e4 c6 2. d4 d5 3. exd5 cxd5 4. Bb5+ Nc6 5. Nf3 a6 6. Ba4 Nf6 7. O-O b5 8. Bb3 Bf5 9. c3 e6 10. Bg5 h6
11. Be3 Bd6 12. Nbd2 O-O 13. Bc2 Rc8 14. Bxf5 exf5 15. Nb3 Re8 16. h3 Ne4 17. Nfd2 Qc7 18. Nxe4 Rxe4 19. Qh5 Qd7 20. Nd2 Re7
21. Rfe1 f4 22. Bxf4 Bxf4 23. Nf3 Rce8 24. Qg4 Qxg4 25. hxg4 Kf8 26. Rxe7 Rxe7 27. a4 b4 28. Nh4 Re2 29. cxb4 Nxb4 30. f3 Rxb2
31. Nf5 g6 32. Nh4 Be3+ 33. Kh2 Bxd4 34. Rc1 Rc2 35. Rb1 Be5+ 36. Kh1 Nd3 37. Kg1 Bg3 38. Nxg6+ fxg6 39. Rb8+ Bxb8
0-1

[Event "CaroKannisons!"]
[Site "SchemingMind.com"]
[Date "2006.02.10"]
[Round "-"]
[White "agarr"]
[Black "wom_bat"]
[Result "0-1"]
[WhiteCountry "RUS"]
[BlackCountry "GER"]
[WhiteElo "1681"]
[WhiteRD "67"]
[BlackElo "1700"]
[BlackRD "97"]
[GameID "38550"]

1. e4 c6 2. d4 d5 3. e5 Bf5 4. Bd3 Qd7 5. h3 Bxd3 6. Qxd3 f6 7. Nf3 e6 8. Bf4 Ne7 9. exf6 gxf6 10. Nbd2 Ng6
11. Bg3 Bd6 12. O-O c5 13. Nh4 c4 14. Qe3 Nc6 15. Rae1 O-O-O 16. Qxe6 Qxe6 17. Rxe6 Bxg3 18. fxg3 Nxh4 19. gxh4 Nxd4 20. Rexf6 Nxc2
21. Rc1 Nb4 22. a3 Nd3 23. Rc2 Rhf8 24. Rxf8 Rxf8 25. b3 b5 26. bxc4 bxc4 27. Nf3 Kd7 28. Re2 Rf4 29. Ne5+ Nxe5 30. Rxe5 d4
31. Ra5 d3 32. g3 Rd4
0-1

[Event "CaroKannisons!"]
[Site "SchemingMind.com"]
[Date "2006.02.08"]
[Round "-"]
[White "asanopiyo"]
[Black "wom_bat"]
[Result "0-1"]
[WhiteCountry "JPN"]
[BlackCountry "GER"]
[WhiteElo "1628"]
[WhiteRD "111"]
[BlackElo "1636"]
[BlackRD "113"]
[GameID "38551"]

1. e4 c6 2. d4 d5 3. exd5 cxd5 4. Nf3 Nc6 5. Bb5 g6 6. Bf4 Bg7 7. Ne5 Bd7 8. Nxd7 Qxd7 9. c3 a6 10. Ba4 Nf6
11. Nd2 O-O 12. f3 Qf5 13. Bg3 e5 14. Bc2 Qe6 15. dxe5 Nxe5 16. O-O Qb6+ 17. Kh1 Nh5 18. Bxe5 Bxe5 19. Nb3 Qd6 20. g3 Bxg3
21. hxg3 Nxg3+ 22. Kg2 Nxf1 23. Qxf1 Rae8 24. Re1 h5 25. Kh1 Qf4 26. Nd4 Qh4+
0-1

[Event "CaroKannisons!"]
[Site "SchemingMind.com"]
[Date "2006.02.10"]
[Round "-"]
[White "rookish1012"]
[Black "Gary"]
[Result "1-0"]
[WhiteCountry "CAN"]
[BlackCountry "ENG"]
[WhiteElo "2257"]
[WhiteRD "153"]
[BlackElo "1498"]
[BlackRD "55"]
[GameID "38785"]

1. e4 c6 2. d4 d5 3. e5 Bf5 4. h4 h5 5. c4 e6 6. Nc3 Bb4 7. Ne2 Nd7 8. Qb3 a5 9. cxd5 cxd5 10. Ng3 Bg6
11. Bb5 Ne7 12. a3 Bxc3+ 13. bxc3 O-O 14. O-O
1-0

[Event "CaroKannisons!"]
[Site "SchemingMind.com"]
[Date "2006.02.10"]
[Round "-"]
[White "rookish1012"]
[Black "janeck"]
[Result "1-0"]
[WhiteCountry "CAN"]
[BlackCountry "FRA"]
[WhiteElo "2257"]
[WhiteRD "153"]
[BlackElo "1608"]
[BlackRD "87"]
[GameID "38786"]

1. e4 c6 2. d4 d5 3. e5 Bf5 4. Nc3 e6 5. g4 Bg6 6. Nge2 Nd7 7. h4 h6 8. Be3 Bb4 9. h5 Be4 10. Rh3 Qa5
11. a3 Bxc3+ 12. Nxc3 Ne7 13. Qd2 Bh7 14. O-O-O c5 15. dxc5 Nxc5 16. Nxd5 Qxd2+ 17. Rxd2 exd5 18. Bxc5 b6 19. Bb4 Rd8 20. Bb5+ Kf8
21. Rc3 Rc8 22. Rxc8#
1-0

[Event "CaroKannisons!"]
[Site "SchemingMind.com"]
[Date "2006.02.10"]
[Round "-"]
[White "rookish1012"]
[Black "wom_bat"]
[Result "1-0"]
[WhiteCountry "CAN"]
[BlackCountry "GER"]
[WhiteElo "2257"]
[WhiteRD "153"]
[BlackElo "1636"]
[BlackRD "113"]
[GameID "38787"]

1. e4 c6 2. d4 d5 3. e5 Bf5 4. Nc3 e6 5. g4 Bg6 6. Nge2 f6 7. Nf4 Bf7 8. Qe2 fxe5 9. Qxe5 Qf6 10. Qc7 Nd7
11. Qxb7 Rb8 12. Qxa7 Bd6 13. g5 Qd8 14. Bh3 Qxg5 15. Nxe6 Qe7 16. Kd1 Bxe6 17. Bxe6 Qxe6 18. Re1 Qxe1+ 19. Kxe1
1-0

[Event "CaroKannisons!"]
[Site "SchemingMind.com"]
[Date "2006.02.10"]
[Round "-"]
[White "rookish1012"]
[Black "agarr"]
[Result "1-0"]
[WhiteCountry "CAN"]
[BlackCountry "RUS"]
[WhiteElo "2243"]
[WhiteRD "155"]
[BlackElo "1685"]
[BlackRD "68"]
[GameID "38788"]

1. e4 c6 2. d4 d5 3. e5 e6 4. Nf3 g6 5. Be2 Bh6 6. Bxh6 Nxh6 7. Qd2 Nf5 8. Nc3 O-O 9. h4 Kg7 10. h5 Rh8
11. O-O-O Nd7 12. g4 Nh6 13. Rh4 f5 14. exf6+ Kf8 15. Qxh6+ Ke8 16. f7+ Ke7 17. hxg6
1-0

[Event "CaroKannisons!"]
[Site "SchemingMind.com"]
[Date "2006.02.10"]
[Round "-"]
[White "rookish1012"]
[Black "asanopiyo"]
[Result "1-0"]
[WhiteCountry "CAN"]
[BlackCountry "JPN"]
[WhiteElo "2243"]
[WhiteRD "155"]
[BlackElo "1642"]
[BlackRD "137"]
[GameID "38789"]

1. e4 c6 2. d4 d5 3. e5 Bf5 4. Nc3 e6 5. g4 Bg6 6. Nge2 c5 7. h4 h6 8. Be3 c4 9. Bg2 Nc6 10. h5 Bh7
11. a3 f6 12. O-O fxe5 13. dxe5 Nxe5 14. Nd4 Qd7 15. Bf4 Nc6 16. Nxe6 Bd6 17. Re1 Kf7 18. Bxd5 Kf6 19. Bxc6 bxc6 20. Qd4+ Kf7
21. Qxg7+
1-0

[Event "CaroKannisons!"]
[Site "SchemingMind.com"]
[Date "2006.02.15"]
[Round "-"]
[White "Gary"]
[Black "rookish1012"]
[Result "0-1"]
[WhiteCountry "ENG"]
[BlackCountry "CAN"]
[WhiteElo "1498"]
[WhiteRD "55"]
[BlackElo "2257"]
[BlackRD "153"]
[GameID "38790"]

1. e4 c6 2. d4 d5 3. Nc3 dxe4 4. Nxe4 Bf5 5. Ng3 Bg6 6. Nf3 Nd7 7. Bd3 e6 8. O-O Ngf6 9. Bf4 Nd5 10. Be3 Nxe3
11. fxe3 Qc7 12. c4 Bd6 13. Ne4 Bxe4 14. Bxe4 Nf6 15. Bd3 Ng4
0-1

[Event "CaroKannisons!"]
[Site "SchemingMind.com"]
[Date "2006.02.10"]
[Round "-"]
[White "janeck"]
[Black "rookish1012"]
[Result "0-1"]
[WhiteCountry "FRA"]
[BlackCountry "CAN"]
[WhiteElo "1608"]
[WhiteRD "87"]
[BlackElo "2257"]
[BlackRD "153"]
[GameID "38791"]

1. e4 c6 2. d4 d5 3. Nc3 dxe4 4. Nxe4 Nf6 5. Nxf6+ exf6 6. Nf3 Bd6 7. c4 O-O 8. Be2 c5 9. d5 Bg4 10. O-O Nd7
11. h3 Bh5 12. b3 Re8 13. Bb2 Qe7 14. Re1 Bc7 15. Bd3 Qd6 16. g4 Bg6 17. Bxg6 hxg6 18. Qd3 Ba5 19. Re3 Rad8 20. Bc3 Rxe3
21. Qxe3 Bc7 22. Re1 Qa6 23. Re2 b5 24. cxb5 Qxb5 25. Nd2 Nb6 26. a4 Qd7 27. Qxc5 Nxd5 28. Bb4 Nf4 29. Re7 Nxh3+ 30. Kf1 Qd3+
31. Kg2 Nf4+
0-1

[Event "CaroKannisons!"]
[Site "SchemingMind.com"]
[Date "2006.02.11"]
[Round "-"]
[White "wom_bat"]
[Black "rookish1012"]
[Result "0-1"]
[WhiteCountry "GER"]
[BlackCountry "CAN"]
[WhiteElo "1636"]
[WhiteRD "113"]
[BlackElo "2257"]
[BlackRD "153"]
[GameID "38792"]

1. e4 c6 2. d4 d5 3. exd5 cxd5 4. c4 Nf6 5. Nc3 Nc6 6. Nf3 Bg4 7. Be2 e6 8. O-O Be7 9. c5 O-O 10. Bf4 Ne4
11. a3 Bf6 12. Be3 b6 13. Na4 bxc5 14. dxc5 Qc7 15. h3 Bh5 16. Rc1 Rad8 17. Qc2 Ne7 18. g4 Bg6 19. Bd3 d4 20. Bxe4 dxe3
21. Bxg6 exf2+ 22. Qxf2 Nxg6 23. Rc4 Rd3 24. Re4 Rfd8 25. Qh2 Qc6 26. Qe2 Nh4
0-1

[Event "CaroKannisons!"]
[Site "SchemingMind.com"]
[Date "2006.02.10"]
[Round "-"]
[White "agarr"]
[Black "rookish1012"]
[Result "0-1"]
[WhiteCountry "RUS"]
[BlackCountry "CAN"]
[WhiteElo "1685"]
[WhiteRD "68"]
[BlackElo "2243"]
[BlackRD "155"]
[GameID "38793"]

1. e4 c6 2. d4 d5 3. e5 Bf5 4. Bd3 Bxd3 5. Qxd3 e6 6. Nf3 c5 7. dxc5 Bxc5 8. Be3 Bxe3 9. Qxe3 Ne7 10. O-O O-O
11. b3 Nbc6 12. Nd4 Nxd4 13. Qxd4 Qc7 14. Na3 Nc6 15. Nb5 Nxd4 16. Nxc7 Rac8 17. c3 Ne2+
0-1

[Event "CaroKannisons!"]
[Site "SchemingMind.com"]
[Date "2006.02.11"]
[Round "-"]
[White "asanopiyo"]
[Black "rookish1012"]
[Result "0-1"]
[WhiteCountry "JPN"]
[BlackCountry "CAN"]
[WhiteElo "1642"]
[WhiteRD "137"]
[BlackElo "2243"]
[BlackRD "155"]
[GameID "38794"]

1. e4 c6 2. d4 d5 3. exd5 cxd5 4. Nc3 Nf6 5. Bg5 h6 6. Bh4 Nc6 7. Nf3 g5 8. Bg3 Bf5 9. Nb5 Rc8 10. Nc7+ Rxc7
11. Bxc7 Qxc7 12. c3 g4 13. Nd2 e5 14. dxe5 Qxe5+ 15. Qe2 Ne4 16. Nxe4 Bxe4 17. f3 gxf3 18. gxf3 Bxf3 19. Qxe5+ Nxe5 20. Rg1 Be4
21. Be2 f5 22. Rf1 Rg8 23. Bb5+ Kf7 24. h4 Nf3+ 25. Ke2 Bc5 26. Kd1 Rg2 27. b4 Rd2+ 28. Kc1 Be3
0-1

[Event "CaroKannisons!"]
[Site "SchemingMind.com"]
[Date "2006.02.10"]
[Round "-"]
[White "madad"]
[Black "Gary"]
[Result "1-0"]
[WhiteCountry "GBR"]
[BlackCountry "ENG"]
[WhiteElo "1342"]
[WhiteRD "117"]
[BlackElo "1498"]
[BlackRD "55"]
[GameID "38842"]

1. e4 c6 2. d4 d5 3. exd5 cxd5 4. Qf3 Nf6 5. Bf4 Nc6 6. Qg3 Nxd4 7. Na3 e6 8. Bc7 Qd7 9. O-O-O Nf5 10. Qf4 Bxa3
11. bxa3 Ne4 12. Rd3 Nxf2 13. Qxf2 Qxc7 14. Nh3 O-O 15. Qf3 b5 16. Ng5 h6 17. Nh3 Bb7 18. Nf4
1-0

[Event "CaroKannisons!"]
[Site "SchemingMind.com"]
[Date "2006.02.10"]
[Round "-"]
[White "madad"]
[Black "janeck"]
[Result "0-1"]
[WhiteCountry "GBR"]
[BlackCountry "FRA"]
[WhiteElo "1342"]
[WhiteRD "117"]
[BlackElo "1608"]
[BlackRD "87"]
[GameID "38843"]

1. e4 c6 2. d4 d5 3. exd5 cxd5 4. Bb5+ Nc6 5. Qf3 Nf6 6. Bf4 Bg4 7. Qe3 e6 8. Qg3 Bf5 9. Bc7 Qd7 10. Na3 Bxa3
11. bxa3 O-O 12. Be5 Kh8 13. Bxf6 gxf6 14. Nh3 Bxc2 15. Nf4 Rg8 16. Qc3 Be4 17. Qh3 a6 18. Bd3 Bxd3 19. Qxd3 Rac8 20. Nh5 Qe7
21. Rb1 Rxg2 22. Rxb7 Qxb7 23. Nxf6 Kg7 24. Nxh7 Qb2 25. Rf1 Nxd4 26. Qh3 Rc1#
0-1

[Event "CaroKannisons!"]
[Site "SchemingMind.com"]
[Date "2006.02.10"]
[Round "-"]
[White "madad"]
[Black "wom_bat"]
[Result "0-1"]
[WhiteCountry "GBR"]
[BlackCountry "GER"]
[WhiteElo "1342"]
[WhiteRD "117"]
[BlackElo "1636"]
[BlackRD "113"]
[GameID "38844"]

1. e4 c6 2. d4 d5 3. exd5 cxd5 4. Qh5 Nf6 5. Qf3 Nc6 6. Nh3 e5 7. dxe5 Nxe5 8. Qf4 Bd6 9. Bb5+ Bd7 10. Bxd7+ Qxd7
11. Ng5 Nd3+ 12. cxd3 Bxf4 13. Bxf4 Qb5 14. O-O Qxb2 15. Nd2 Qd4 16. g3 Ng4 17. Rfe1+ Kd7 18. Be3 Qxd3 19. Nxf7 Rhf8 20. Ng5 Nxf2
21. Rab1 Rae8 22. Rxb7+ Kc6 23. Rxa7 Rxe3 24. Ra6+ Qxa6 25. Rxe3 Qxa2 26. Rd3 Qa1+ 27. Nf1 Nxd3 28. h4 Qxf1+ 29. Kh2 Rf2#
0-1

[Event "CaroKannisons!"]
[Site "SchemingMind.com"]
[Date "2006.02.10"]
[Round "-"]
[White "madad"]
[Black "agarr"]
[Result "1-0"]
[WhiteCountry "GBR"]
[BlackCountry "RUS"]
[WhiteElo "1420"]
[WhiteRD "189"]
[BlackElo "1685"]
[BlackRD "68"]
[GameID "38846"]

1. e4 c6 2. d4 d5 3. exd5 cxd5 4. Qf3 h6 5. c4 Nf6 6. cxd5 Qxd5 7. Qxd5 Nxd5 8. Bc4 Nb4 9. Na3 N8c6 10. d5 Nd4
11. Bd2 Nbc2+ 12. Nxc2 Nxc2+ 13. Kd1 Nxa1 14. Bb5+ Kd8 15. Nf3 f6 16. Nd4 a6 17. Ba5+
1-0

[Event "CaroKannisons!"]
[Site "SchemingMind.com"]
[Date "2006.02.10"]
[Round "-"]
[White "madad"]
[Black "asanopiyo"]
[Result "0-1"]
[WhiteCountry "GBR"]
[BlackCountry "JPN"]
[WhiteElo "1420"]
[WhiteRD "189"]
[BlackElo "1642"]
[BlackRD "137"]
[GameID "38847"]

1. e4 c6 2. d4 d5 3. exd5 Qxd5 4. b3 e5 5. dxe5 Qxe5+ 6. Be2 Qxa1 7. Na3 Qf6 8. Nc4 Nh6 9. Bb2 Bb4+ 10. Kf1 Bc3
11. Bxc3 Qxc3 12. Nh3 O-O 13. Ng5 Bf5 14. Bd3 Rd8 15. Qf3 Bxd3+ 16. cxd3 Qa1+ 17. Ke2 Qxa2+ 18. Ke3 Qxb3 19. Ne5 f6 20. Qf4 fxe5
21. Qxe5 Qxd3+ 22. Kf4 Rf8+ 23. Nf7 Rxf7+ 24. Kg5 Qg6+ 25. Kh4= Qg4#
0-1

[Event "CaroKannisons!"]
[Site "SchemingMind.com"]
[Date "2006.02.10"]
[Round "-"]
[White "madad"]
[Black "rookish1012"]
[Result "0-1"]
[WhiteCountry "GBR"]
[BlackCountry "CAN"]
[WhiteElo "1420"]
[WhiteRD "189"]
[BlackElo "2243"]
[BlackRD "155"]
[GameID "38848"]

1. e4 c6 2. d4 d5 3. exd5 cxd5 4. Qh5 Nc6 5. c3 Nf6 6. Qf3 Bg4 7. Qd3 e6 8. Qb5 Qc7 9. g3 a6 10. Qb3 Nxd4
11. Qa4+ Nc6 12. Bf4 Bd6 13. Bxd6 Qxd6 14. Bh3 b5 15. Qf4 e5 16. Qg5 h6 17. Qxg7 Rh7 18. Qxh7 Nxh7 19. Bxg4 Qg6 20. Bf3 Qc2
21. Nd2 Qxb2 22. Rb1 Qxa2 23. Ne2 e4 24. Bg4 Ne5 25. Bf5 Nf3+ 26. Kd1 Qxd2#
0-1